Gminy powiatu piotrkowskiego - Statystyki

Ogólne statystyki
  • Ten quiz został rozwiązany 93 razy
  • Średni wynik to 6 z 11
Statystyki odpowiedzi
Rodzaj Nazwa % Poprawnych
Miejsko-wiejska Sulejów
83%
Miejsko-wiejska Rozprza
82%
Miejsko-wiejska Wolbórz
73%
Wiejska Moszczenica
67%
Wiejska Grabica
48%
Wiejska Gorzkowice
47%
Wiejska Ręczno
44%
Wiejska Czarnocin
42%
Wiejska Lęki Szlacheckie
41%
Wiejska Aleksandrów
36%
Wiejska Wola Krzysztopolska
27%
Nie znaleziono quizów pasujących do podanych kryteriów
Rozkład punktacji
Procent ludzi z każdym wynikiem
Percentyl według liczby udzielonych odpowiedzi
Twoja historia wyników
Nie rozwiązałeś tego quizu